000
00316nam a2200145Ia 4500
100
_a
Leach/ Malvino
250
_a
5
942
_c
BK
654
_a
principles
245
_a
Digital principles and applications
260
_b
Tata Mc Graw hill
_c
2002
082
_a
621.395
_b
LEA
300
_a
638
546
_a
ENGLISH
999
_c
28270
_d
28270